[Event "Titled Tuesday intern op 06th Feb Early"]
[Site "Chess.com INT"]
[Date "2024.02.06"]
[Round "6"]
[White "Azar, Sebastien"]
[Black "Kostiukov, Alexandr"]
[Result "1-0"]
[WhiteElo "2019"]
[BlackElo "2271"]
[PlyCount "71"]
[EventDate "2024.02.06"]
[EventType "swiss (blitz)"]
[EventRounds "11"]
[EventCountry "USA"]
[SourceTitle "CB07_2024"]
[SourceDate "2024.02.14"]
[SourceVersion "1"]
[SourceVersionDate "2024.02.14"]
[SourceQuality "1"]

1. e4 c5 2. Nf3 g6 3. d4 cxd4 4. Nxd4 Bg7 5. c4 Nc6 6. Be3 Nf6 7. Nc3 0-0 8. f3 Qb6 9. Na4 Qa5+ 10. Nc3 Qb6 11. Qb3 Nxd4 12. Qxb6 Nxf3+ 13. gxf3 axb6 14. Bxb6 d6 15. a4 Nd7 16. Be3 Ne5 17. Kf2 Be6 18. Nd5 Bxd5 19. cxd5 f5 20. f4 fxe4 21. Kg3 Nf3 22. Ra2 g5 23. fxg5 Be5+ 24. Kh3 Nxh2 25. Bg2 Nf3 26. b4 Rac8 27. Rc1 Rxc1 28. Bxc1 Rf5 29. b5 h6 30. Kg4 Rf8 31. gxh6 Kh7 32. Bxf3 exf3 33. Be3 Rf7 34. a5 Rf8 35. a6 bxa6 36. bxa6 1-0

[Event "Titled Tuesday intern op 06th Feb Early"]
[Site "Chess.com INT"]
[Date "2024.02.06"]
[Round "3"]
[White "Azar, Sebastien"]
[Black "Maltsevskaya, Aleksandra"]
[Result "0-1"]
[WhiteElo "2019"]
[BlackElo "2374"]
[PlyCount "82"]
[EventDate "2024.02.06"]
[EventType "swiss (blitz)"]
[EventRounds "11"]
[EventCountry "USA"]
[SourceTitle "CB07_2024"]
[SourceDate "2024.02.14"]
[SourceVersion "1"]
[SourceVersionDate "2024.02.14"]
[SourceQuality "1"]

1. e4 c5 2. Nf3 e6 3. c3 d5 4. e5 d4 5. Na3 Ne7 6. Bb5+ Nbc6 7. 0-0 Ng6 8. Qa4 Bd7 9. cxd4 a6 10. Bxc6 Bxc6 11. Qd1 cxd4 12. Re1 Bc5 13. d3 0-0 14. Bg5 Qd5 15. Nc4 h6 16. Bd2 b6 17. b4 b5 18. Na5 Bb6 19. Nxc6 Qxc6 20. Rc1 Qd5 21. Qc2 Rfc8 22. Qxc8+ Rxc8 23. Rxc8+ Kh7 24. Rc2 Ne7 25. Rec1 g5 26. Bxg5 hxg5 27. Nxg5+ Kg7 28. Ne4 Qxe5 29. g3 Nd5 30. Rc6 Nxb4 31. f4 Qd5 32. Rd6 Qb7 33. Rd1 Nxd3 34. Ng5 Nb2 35. Rd2 d3+ 36. Rxb6 Qxb6+ 37. Kg2 Qd4 38. Nf3 Qc3 39. h4 Nc4 40. Rf2 d2 41. g4 d1Q 0-1

[Event "Titled Tuesday intern op 06th Feb Early"]
[Site "Chess.com INT"]
[Date "2024.02.06"]
[Round "1"]
[White "Dragun, Kamil"]
[Black "Azar, Sebastien"]
[Result "1-0"]
[WhiteElo "2541"]
[BlackElo "2019"]
[PlyCount "163"]
[EventDate "2024.02.06"]
[EventType "swiss (blitz)"]
[EventRounds "11"]
[EventCountry "USA"]
[SourceTitle "CB07_2024"]
[SourceDate "2024.02.14"]
[SourceVersion "1"]
[SourceVersionDate "2024.02.14"]
[SourceQuality "1"]

1. d4 d5 2. c4 c6 3. Nc3 Nf6 4. e3 e6 5. Nf3 Nbd7 6. Be2 Bd6 7. 0-0 0-0 8. b3 b6 9. Bb2 Bb7 10. Bd3 c5 11. cxd5 exd5 12. Qe2 Re8 13. Ba6 Qc8 14. Bxb7 Qxb7 15. Rfd1 Rad8 16. Rac1 Bf8 17. Qd3 cxd4 18. Nxd4 Nc5 19. Qf5 Nce4 20. Nce2 Rc8 21. Nf4 g6 22. Qh3 Bg7 23. Qf3 Rxc1 24. Rxc1 Rc8 25. Qd1 a5 26. Rc2 Rc5 27. Ba3 Rxc2 28. Qxc2 Bf8 29. Bb2 Bg7 30. Nc6 Qd7 31. Ne5 Qd8 32. Bd4 Nd7 33. Nc6 Qg5 34. Nxd5 Bxd4 35. Qxe4 Bc5 36. g3 Nf8 37. Kg2 h5 38. h4 Qh6 39. Qe5 Qg7 40. Nce7+ Bxe7 41. Nxe7+ Kh7 42. Qd6 Ne6 43. Qxb6 Qe5 44. Qc6 Nd8 45. Qd7 Qe4+ 46. Kg1 Qb1+ 47. Kh2 Qc2 48. Kg2 Qe4+ 49. Kf1 Qb1+ 50. Ke2 Qxa2+ 51. Kf3 Ne6 52. Nc6 Kg7 53. Ne5 Nd8 54. Qxd8 Qxb3 55. Qd4 a4 56. Nc4+ Kf8 57. Qc5+ Kg8 58. Kg2 a3 59. Nxa3 Qb7+ 60. Kg1 Qb2 61. Qc8+ Kh7 62. Qa8 Qa1+ 63. Kg2 Kg7 64. Qa4 Kh7 65. Qb3 Kg8 66. Nc2 Qf6 67. Nd4 Kg7 68. Nf3 Kg8 69. Qd5 Kg7 70. Qd4 Qxd4 71. Nxd4 Kf6 72. f3 Ke5 73. Kf2 f5 74. Ne2 Kf6 75. Nf4 g5 76. Nxh5+ Kg6 77. hxg5 Kxg5 78. Nf4 Kf6 79. Ke2 Ke5 80. Kd3 Kd6 81. Kd4 Ke7 82. Ke5 1-0

[Event "Titled Tuesday intern op 09th Jan Early"]
[Site "Chess.com INT"]
[Date "2024.01.09"]
[Round "4"]
[White "Ghosh, Chanchal Kumer"]
[Black "Azar, Sebastien"]
[Result "1-0"]
[WhiteElo "2026"]
[BlackElo "2043"]
[PlyCount "39"]
[EventDate "2024.01.09"]
[EventType "swiss (blitz)"]
[EventRounds "11"]
[EventCountry "USA"]
[SourceTitle "CB03_2024"]
[SourceDate "2024.01.17"]
[SourceVersion "1"]
[SourceVersionDate "2024.01.17"]
[SourceQuality "1"]

1. e4 e5 2. Nf3 Nc6 3. Bc4 Bc5 4. c3 Nf6 5. d4 exd4 6. cxd4 Bb4+ 7. Nc3 Nxe4 8. 0-0 Bxc3 9. d5 Ne5 10. Qe2 Nxc4 11. Qxe4+ Ne5 12. bxc3 d6 13. Nxe5 dxe5 14. Qxe5+ Kf8 15. Re1 Bd7 16. d6 c6 17. Bg5 f6 18. Qg3 fxg5 19. Re7 Bf5 20. Qe5 1-0

[Event "Titled Tuesday intern op 14th Nov Early"]
[Site "Chess.com INT"]
[Date "2023.11.14"]
[Round "10"]
[White "Azar, Sebastien"]
[Black "Ezat, Mohamed Mahmoud"]
[Result "0-1"]
[WhiteElo "2057"]
[BlackElo "2371"]
[PlyCount "70"]
[EventDate "2023.11.14"]
[EventType "swiss (blitz)"]
[EventRounds "11"]
[EventCountry "USA"]
[SourceTitle "CB47_2023"]
[SourceDate "2023.11.22"]
[SourceVersion "1"]
[SourceVersionDate "2023.11.22"]
[SourceQuality "1"]

1. e4 e5 2. Nf3 Nc6 3. Bb5 Nge7 4. Nc3 d6 5. 0-0 Bd7 6. Re1 g6 7. d4 exd4 8. Nxd4 Bg7 9. Be3 0-0 10. Qd2 a6 11. Be2 f5 12. exf5 Nxf5 13. Nxf5 Bxf5 14. Nd5 Kh8 15. c3 Ne5 16. Bh6 Qd7 17. Bxg7+ Qxg7 18. Ne3 Be4 19. Nc4 Bc6 20. Nxe5 dxe5 21. Bf1 Rad8 22. Qe3 e4 23. Rad1 Qf7 24. Rd4 Qxa2 25. Red1 Rde8 26. Bc4 Qxb2 27. Rd7 Qb6 28. Qh6 Qxf2+ 29. Kh1 Bxd7 30. h3 Be6 31. Bxe6 Rxe6 32. Rd7 Qf1+ 33. Kh2 Qf4+ 34. Qxf4 Rxf4 35. Rxc7 e3 0-1

[Event "Titled Tuesday intern op 14th Nov Early"]
[Site "Chess.com INT"]
[Date "2023.11.14"]
[Round "3"]
[White "Azar, Sebastien"]
[Black "Travadon, Loic"]
[Result "1-0"]
[WhiteElo "2057"]
[BlackElo "2440"]
[PlyCount "85"]
[EventDate "2023.11.14"]
[EventType "swiss (blitz)"]
[EventRounds "11"]
[EventCountry "USA"]
[SourceTitle "CB47_2023"]
[SourceDate "2023.11.22"]
[SourceVersion "1"]
[SourceVersionDate "2023.11.22"]
[SourceQuality "1"]

1. e4 e5 2. Nf3 Nc6 3. Bb5 a6 4. Ba4 Nf6 5. d3 b5 6. Bb3 Bc5 7. 0-0 d6 8. c3 h6 9. a4 b4 10. Re1 Ng4 11. Re2 f5 12. h3 Nf6 13. Nbd2 fxe4 14. Nxe4 Nxe4 15. dxe4 Ne7 16. Rd2 Ng6 17. Rd5 Qf6 18. a5 Be6 19. Ba4+ Ke7 20. Rd3 Raf8 21. cxb4 Bxb4 22. Be3 Bc4 23. Rc1 Qe6 24. Rd5 Bxd5 25. Rxc7+ Kf6 26. exd5 Qf5 27. Bc2 Qh5 28. Qd3 Rf7 29. g4 Rxc7 30. gxh5 Ne7 31. Nh2 Rhc8 32. Ng4+ Kf7 33. Ba4 Bxa5 34. Bc6 Nxc6 35. Qf5+ Kg8 36. dxc6 Rxc6 37. Qe6+ Kf8 38. Nxh6 Rc1+ 39. Kg2 R1c7 40. Nf5 Bb4 41. h6 Re8 42. Qg6 d5 43. h7 1-0

[Event "Gatineau Feuille d'Erable"]
[Site "Gatineau"]
[Date "2018.11.20"]
[Round "5"]
[White "Azar, Sebastien"]
[Black "Jobin, Gilles G"]
[Result "1-0"]
[WhiteElo "1766"]
[BlackElo "1822"]
[PlyCount "83"]
[EventDate "2018.10.23"]
[EventType "swiss"]
[EventRounds "5"]
[EventCountry "CAN"]
[SourceTitle "EXT 2022"]
[Source "ChessBase"]
[SourceDate "2021.10.06"]
[SourceVersion "1"]
[SourceVersionDate "2021.10.06"]
[SourceQuality "1"]

1. e4 d6 2. d4 Nf6 3. Nc3 e5 4. Nf3 Nbd7 5. Bc4 Be7 6. Bxf7+ Kxf7 7. Ng5+ Kg8 8. Ne6 Qe8 9. Nxc7 Qg6 10. Nxa8 Qxg2 11. Rf1 exd4 12. Qxd4 Ne5 13. f4 Bh3 14. Qf2 Qxf1+ 15. Qxf1 Bxf1 16. fxe5 dxe5 17. Kxf1 Bd8 18. Bg5 Kf7 19. Bxf6 gxf6 20. Nd5 Be7 21. Nxe7 Kxe7 22. Nc7 Kd6 23. Nd5 f5 24. Rd1 fxe4 25. Nc3+ Ke6 26. Nxe4 Rf8+ 27. Ke2 Rf4 28. Nc5+ Ke7 29. Rd7+ Kf6 30. Rxh7 Rc4 31. Nd3 e4 32. Ne1 Rb4 33. b3 a5 34. Ke3 a4 35. h4 axb3 36. axb3 Rb5 37. Kd4 Kg6 38. Re7 Kf5 39. h5 Kf6 40. Rxe4 Rxh5 41. c4 b5 42. c5 1-0